000 00628cam a22001814a 4500
005 20250605164357.0
008 250528s ||||||||||||||||||||||||d
035 _a24379
040 _aGR-AtMCL
_bgre
_dGR-AtMCL
_eAACR2
245 1 _aAramco World
260 _bAramco Services Company,
_c2016
300 _a48
520 _aIn Fragments from Fustal and Glimpses of a Cosmopolitan Old Cairo, The Unlikely Sisterhood of Seattle and Tashkent, Saving Sarajevo's Literacy Legacy, Arwad and Fortress at Sea, Khayzuran and Zubayda.
700 1 _aAbul Hamayel Basil A.
_99456
942 _cCR
999 _c9267
_d9267